000 00791nam a22002537a 4500
999 _c428997
_d428997
001 48875
003 UA-OsUOA
005 20200310103858.0
007 ta
008 20130816b un ||||| |||| 00| 0 ukr d
040 _aUA-OsUOA
_bukr
_cUA-OsUOA
_dUA-OsUOA
041 _aukr
080 _a82-32
090 _a82-32
_bМ81
100 _aМосендз Л.
245 _aЛюдина покірна: оповіді
260 _aВінніпег
_bКлюб приятелів української книжки
_c1951
300 _a142 с.
650 7 _a82 Література. Літературознавство
_2UDC
942 _cBK
_2udc
955 _a3